| 000 -LEADER |
| fixed length control field |
00388nam a2200121Ia 4500 |
| 008 - FIXED-LENGTH DATA ELEMENTS--GENERAL INFORMATION |
| fixed length control field |
190722s9999 xx 000 0 und d |
| 020 ## - INTERNATIONAL STANDARD BOOK NUMBER |
| International Standard Book Number |
978-81-265-5033-3 |
| 100 ## - MAIN ENTRY--PERSONAL NAME |
| Personal name |
Micheal J. Kavis |
| 245 #0 - TITLE STATEMENT |
| Title |
Architecting The Cloud (Design Decisions for Cloud Computing Service Models (saas,PaaS, and LaaS) |
| 260 ## - PUBLICATION, DISTRIBUTION, ETC. (IMPRINT) |
| Place of publication, distribution, etc |
New Delhi |
| Name of publisher, distributor, etc |
John Wiley & Sons.Inc. (India) |
| Date of publication, distribution, etc |
2014 |
| 300 ## - PHYSICAL DESCRIPTION |
| Extent |
199 |
| 942 ## - ADDED ENTRY ELEMENTS (KOHA) |
| Koha item type |
Books |